| 000 | 00996nam a22002417a 4500 | ||
|---|---|---|---|
| 005 | 20100924103433.0 | ||
| 008 | 100924t xxu||||| |||| 00| 0 hin d | ||
| 010 | _aHIN-90599 | ||
| 020 |
_c160.00 _a9788190530231 |
||
| 035 | _aHN-62945 | ||
| 037 | _bDBAD / PUB | ||
| 040 |
_aDPL _bHN |
||
| 082 | _a611 | ||
| 100 |
_921360 _aठाकुर, डी.के. |
||
| 245 |
_aमानव शरीर कार्यिकी / _cडी.के.ठाकुर |
||
| 260 |
_aजयपुर _bसाक्षी प्रकाशन _c2007 |
||
| 270 |
_a26, शिव वाटिका, मॉडल टाउन-सी, मालवीय नगर _bजयपुर _e302017 |
||
| 300 |
_a156पृ. _c22सेमी (सजिल्द) |
||
| 650 | _9697 | ||
| 700 | _921361 | ||
| 942 |
_2ddc _cHN _hठाकुर _m611 |
||
| 999 |
_c47662 _d47662 |
||